| 000 | 00877nab#a2200241#c#4500 | ||
|---|---|---|---|
| 999 |
_c18942 _d18942 |
||
| 003 | IEF | ||
| 005 | 20191211105237.0 | ||
| 008 | 950704s1975 uuu|| #####0 b| |u | ||
| 040 |
_aIEF _cES-MaIEF |
||
| 100 | 1 |
_aCastellano Real, Francisco _99509 |
|
| 245 |
_aNota sobre la problemática del mínimo exento en el Impuesto sobre los Rendimientos del Trabajo Personal _c Francisco Castellano Real, Francisco Javier Moral Medina, Jorge Juan Pereira Rodríguez |
||
| 260 | _c1975 | ||
| 500 | _aConclusiones | ||
| 650 | 4 |
_aIMPUESTO SOBRE LA RENTA DE LAS PERSONAS FISICAS _950199 |
|
| 650 | 4 |
_aEXENCIONES TRIBUTARIAS _944038 |
|
| 650 | 4 |
_aESTUDIOS _943582 |
|
| 700 |
_930191 _aMoral Medina, Francisco Javier |
||
| 700 |
_934886 _aPereira Rodríguez, Jorge Juan |
||
| 773 | 0 |
_tHacienda pública española _w34570 _g33, p. 161-176 |
|
| 942 | _2udc | ||
| 942 | _2udc | ||